Normal view
MARC view
- PC Muhammad Mushahid ASC Ghulam Mujtaba ASC Azhar Hanif PC Mujahid Shaheryar
Entry Personal Name
001 - CONTROL NUMBER
- control field: 72936
003 - CONTROL NUMBER IDENTIFIER
- control field: NUST
005 - DATE AND TIME OF LATEST TRANSACTION
- control field: 20210628204938.0
008 - FIXED-LENGTH DATA ELEMENTS
- fixed length control field: 210628|| aca||aabn | a|a d
040 ## - CATALOGING SOURCE
- Original cataloging agency: NUST
- Transcribing agency: NUST
100 ## - HEADING--PERSONAL NAME
- Personal name: PC Muhammad Mushahid ASC Ghulam Mujtaba ASC Azhar Hanif PC Mujahid Shaheryar
670 ## - SOURCE DATA FOUND
- Source citation: Work cat.: (NUST): PC Muhammad Mushahid ASC Ghulam Mujtaba ASC Azhar Hanif PC Mujahid Shaheryar, PR-SOF-1869-HEC Project Management & Decision Support System, 2020
